| 000 | 00903cam a22002651 4500 | ||
|---|---|---|---|
| 001 | rc 01001270 | ||
| 003 | DLC | ||
| 005 | 20260227111903.0 | ||
| 007 | cr_||||||||||| | ||
| 008 | 811021s1886 tnu s100 0 eng | ||
| 010 | _arc 01001270 | ||
| 035 | _a(OCoLC)7864547 | ||
| 040 |
_aDLC _cTM _dTM _dDLC |
||
| 043 | _an-us-tn | ||
| 050 | 0 | 0 |
_aF431 _b.T33 |
| 110 | 2 | _aTennessee Historical Society. | |
| 245 | 0 | 0 |
_aProceedings of the Tennessee historical society, _bat Murfreesboro', Tenn., December 8, 1885. |
| 260 |
_aNashville, Tenn., _bJ. T. Camp, printer, _c1886. |
||
| 300 |
_a26 p. _c23 cm. |
||
| 440 | 0 | _aTennessee historical society papers | |
| 530 | _aAlso available in digital form on the Internet Archive Web site. | ||
| 650 | 0 |
_aLearned institutions and societies _zTennessee. |
|
| 651 | 0 |
_aTennessee _xHistory _xSocieties. |
|
| 856 | 4 | 1 | _uhttp://hdl.loc.gov/loc.gdc/scd0001.00146105634 |
| 999 |
_c52051 _d52051 |
||